<?xml version="1.0" encoding="UTF-8"?><record xmlns="http://www.loc.gov/MARC21/slim" xmlns:zs="http://docs.oasis-open.org/ns/search-ws/sruResponse">
  <leader>01719cgm a22004333i 4500</leader>
  <controlfield tag="001">22458021</controlfield>
  <controlfield tag="005">20250607112719.3</controlfield>
  <controlfield tag="007">cr ||a||||||||</controlfield>
  <controlfield tag="008">220805s2003    dcu||| |     fo   vleng  </controlfield>
  <datafield ind1=" " ind2=" " tag="035">
    <subfield code="a">22458021</subfield>
  </datafield>
  <datafield ind1=" " ind2=" " tag="906">
    <subfield code="a">0</subfield>
    <subfield code="b">ibc</subfield>
    <subfield code="c">orignew</subfield>
    <subfield code="d">u</subfield>
    <subfield code="e">ncip</subfield>
    <subfield code="f">20</subfield>
    <subfield code="g">y-gencatlg</subfield>
  </datafield>
  <datafield ind1=" " ind2=" " tag="010">
    <subfield code="a">  2021687581</subfield>
  </datafield>
  <datafield ind1=" " ind2=" " tag="035">
    <subfield code="a">3329</subfield>
  </datafield>
  <datafield ind1=" " ind2=" " tag="040">
    <subfield code="a">DLC</subfield>
    <subfield code="b">eng</subfield>
    <subfield code="c">DLC</subfield>
  </datafield>
  <datafield ind1="0" ind2="0" tag="245">
    <subfield code="a">Women's Activism and Social Change: Documenting the Lives of Margaret Sanger and Jane Addams.</subfield>
  </datafield>
  <datafield ind1=" " ind2="1" tag="264">
    <subfield code="a">Washington, D.C. :</subfield>
    <subfield code="b">Library of Congress,</subfield>
    <subfield code="c">2003-03-24.</subfield>
  </datafield>
  <datafield ind1=" " ind2=" " tag="300">
    <subfield code="a">1 online resource</subfield>
  </datafield>
  <datafield ind1=" " ind2=" " tag="336">
    <subfield code="a">two-dimensional moving image</subfield>
    <subfield code="b">tdi</subfield>
    <subfield code="2">rdacontent</subfield>
  </datafield>
  <datafield ind1=" " ind2=" " tag="337">
    <subfield code="a">computer</subfield>
    <subfield code="b">c</subfield>
    <subfield code="2">rdamedia</subfield>
  </datafield>
  <datafield ind1=" " ind2=" " tag="338">
    <subfield code="a">online resource</subfield>
    <subfield code="b">cr</subfield>
    <subfield code="2">rdacarrier</subfield>
  </datafield>
  <datafield ind1="0" ind2=" " tag="490">
    <subfield code="a">Books &amp; Beyond</subfield>
  </datafield>
  <datafield ind1="0" ind2=" " tag="511">
    <subfield code="a">Esther Katz, Mary Lynn McCree Bryan.</subfield>
  </datafield>
  <datafield ind1=" " ind2=" " tag="518">
    <subfield code="a">Recorded on 2003-03-24.</subfield>
  </datafield>
  <datafield ind1=" " ind2=" " tag="520">
    <subfield code="a">Ester Katz, editor-in-chief of the Margaret Sanger Papers Project at the New York University, and Mary Lynn McCree Bryan, editor-in-chief of the Jane Addams Papers Project at Duke University, were the featured speakers at the Women's History Month program.</subfield>
  </datafield>
  <datafield ind1=" " ind2=" " tag="521">
    <subfield code="a">Researchers.</subfield>
  </datafield>
  <datafield ind1=" " ind2=" " tag="521">
    <subfield code="a">Teachers.</subfield>
  </datafield>
  <datafield ind1=" " ind2=" " tag="653">
    <subfield code="a">Biography, History.</subfield>
  </datafield>
  <datafield ind1=" " ind2=" " tag="653">
    <subfield code="a">Culture, Folklife.</subfield>
  </datafield>
  <datafield ind1=" " ind2=" " tag="653">
    <subfield code="a">Government, Law.</subfield>
  </datafield>
  <datafield ind1=" " ind2=" " tag="653">
    <subfield code="a">Immigration, American Expansion.</subfield>
  </datafield>
  <datafield ind1=" " ind2=" " tag="653">
    <subfield code="a">Women's History.</subfield>
  </datafield>
  <datafield ind1="2" ind2=" " tag="710">
    <subfield code="a">Library of Congress.</subfield>
  </datafield>
  <datafield ind1="2" ind2=" " tag="710">
    <subfield code="a">Library of Congress.</subfield>
    <subfield code="b">Center for the Book,</subfield>
    <subfield code="e">sponsoring body.</subfield>
  </datafield>
  <datafield ind1="2" ind2=" " tag="710">
    <subfield code="a">Library of Congress.</subfield>
    <subfield code="b">Manuscript Division,</subfield>
    <subfield code="e">sponsoring body.</subfield>
  </datafield>
  <datafield ind1="4" ind2="0" tag="856">
    <subfield code="3">Event video</subfield>
    <subfield code="d">gdcwebcasts</subfield>
    <subfield code="f">womenact</subfield>
    <subfield code="u">https://hdl.loc.gov/loc.gdc/gdcwebcasts.womenact</subfield>
  </datafield>
  <datafield ind1=" " ind2=" " tag="985">
    <subfield code="a">gdc/webcasts</subfield>
  </datafield>
  <datafield ind1=" " ind2=" " tag="985">
    <subfield code="a">cfb</subfield>
  </datafield>
  <datafield ind1=" " ind2=" " tag="985">
    <subfield code="a">books_and_beyond</subfield>
  </datafield>
  <datafield ind1=" " ind2=" " tag="985">
    <subfield code="a">manuscript</subfield>
  </datafield>
</record>
